[Event "RUS-ch Men Blitz 2019"]
[Site "Sochi"]
[Date "2019.10.17"]
[Round "13.31"]
[White "Glek, Igor"]
[Black "Magomedov, Murad"]
[Result "1-0"]
[WhiteElo "2467"]
[BlackElo "2280"]
[Annotator "TA"]
[PlyCount "41"]
[EventDate "2019.10.17"]
[EventType "swiss"]
[EventCountry "RUS"]
[SourceTitle "playchess.com"]
[Source "ChessBase"]
[SourceQuality "1"]

{[%evp 11,41,48,39,32,50,14,77,82,97,85,74,77,90,100,138,132,131,145,175,124,174,119,235,252,350,344,370,368,366,354,355,359]} 1. e4 c6 2. c4 d5 3. cxd5 cxd5 4. exd5 Nf6 5. Nc3 g6 6. Bc4 Bg7 7. Nf3 {B10: Caro-Kann: 2 d3 and 2 c4} (7. Nge2 O-O 8. O-O Na6 9. d4 Nc7 10. Nf4 b6 11. a4 Bb7 12. Qb3 Qd6 13. Re1 Rad8 14. Nb5 Nxb5 15. axb5 Bxd5 16. Nxd5 Nxd5 17. Rxa7 Bxd4 18. Bxd5 Qxd5 19. Qxd5 Rxd5 20. Raxe7 Rxb5 {½-½ (28) Edouard,R (2628)-Van Foreest,J (2615) Germany 2016}) 7... O-O 8. d3 a6 {[#]} (8... b6 $11) 9. a4 $1 $16 {White is better.} Nbd7 10. O-O Nb6 {[%cal Rf6d5] [#]} 11. Qb3 $1 Nxc4 $146 ({Predecessor:} 11... Qc7 12. Be3 Nxc4 13. dxc4 Bf5 14. Ne2 Nd7 15. Bd4 Bh6 16. Ng3 {0-1 (40) Lalev,D (2376)-Serafimov,T (2433) Sunny Beach 2013}) 12. dxc4 e6 13. Bg5 $36 {[%mdl 2048] Black is under strong pressure.} h6 14. Bh4 exd5 15. cxd5 (15. Nxd5 $18 {Threatens to win with Nb6.} g5 16. Nb6) 15... b6 16. Rad1 (16. Rfe1 $18) 16... Bb7 (16... Re8 $16 17. Rfe1 Rxe1+ 18. Nxe1 g5) 17. Rfe1 $18 Rc8 18. Ne5 Qd6 19. Bg3 {White is winning.} Qc5 20. d6 Kh7 21. Nxf7 {Accuracy: White = 81%, Black = 33%.} 1-0

[Event "RUS-ch Men Blitz 2019"]
[Site "Sochi"]
[Date "2019.10.17"]
[Round "14.1"]
[White "Ponkratov, Pavel"]
[Black "Yuffa, Daniil"]
[Result "1-0"]
[WhiteElo "2621"]
[BlackElo "2577"]
[Annotator "TA"]
[PlyCount "73"]
[EventDate "2019.10.17"]
[EventType "swiss"]
[EventCountry "RUS"]
[SourceTitle "playchess.com"]
[Source "ChessBase"]
[SourceQuality "1"]

{[%evp 9,72,-24,0,0,-1,8,10,15,37,38,81,68,79,47,67,31,70,74,64,65,63,70,71,71,74,81,80,0,364,339,456,480,464,421,527,536,537,508,830,572,842,729,731,720,728,727,1330,1371,1369,1366,1177,1168,29971,29972,6540,9619,8400,6387,6560,6440,29996,29997,29997,29998,29999]} 1. e4 c6 2. d4 d5 3. e5 Bf5 4. g4 Bd7 5. c4 h5 (5... e6 6. Nc3 Ne7 7. Nf3 h5 8. gxh5 Rxh5 9. Ng5 Rh4 10. Bd3 dxc4 11. Qf3 Nf5 12. Bxf5 exf5 13. d5 {0-1 (34) Ponkratov,P (2605)-Kamsky,G (2741) Khanty-Mansiysk 2013}) 6. gxh5 {B12: Caro-Kann: Advance Variation} Bf5 7. Nc3 e6 8. Nge2 {The position is equal.} dxc4 9. Ng3 Ne7 $146 ({Predecessor:} 9... Bd3 10. Bxd3 cxd3 11. Qxd3 Nd7 12. Qe2 Qh4 13. Be3 {1-0 (31) Ponkratov,P (2622)-Kabanov,N (2468) Voronezh 2018}) 10. Bxc4 Nd7 11. Be3 (11. Bb3 {with more complications.} Qb6 12. Be3 O-O-O 13. Qe2 Bh7 14. O-O) 11... Nb6 12. Be2 Qd7 13. Qb3 O-O-O 14. a4 {[%cal Ba2a4,Ba4a5][%mdl 32]} Nbd5 15. a5 Kb8 16. Na4 Nxe3 17. fxe3 {Nc5 is the strong threat.} Nd5 18. e4 (18. O-O $16) 18... Nb4 $2 {[%mdl 8192]} (18... Nf4 $11 19. Qf3 Qxd4 20. Qxf4 Bb4+ 21. Nc3 Bh3) 19. exf5 Qxd4 20. Rd1 Qh4 21. O-O Be7 22. fxe6 fxe6 23. Qxe6 Rde8 (23... Rxd1 $142 24. Bxd1 Nd5) 24. Qg4 Nc2 25. Nf5 Qxg4+ 26. Bxg4 Bg5 27. Nc5 Be3+ 28. Nxe3 Nxe3 {[#]} 29. Rf7 $1 Nxd1 30. Bxd1 Rd8 31. Rxb7+ Ka8 32. Bf3 Rc8 33. Rxg7 a6 34. Nd7 {[#] Nb6+ would kill now.} Rce8 35. Bxc6+ {White mates.} Ka7 36. Nb6+ Kb8 37. Rb7# {Accuracy: White = 85%, Black = 37%.} 1-0

[Event "RUS-ch Men Blitz 2019"]
[Site "Sochi"]
[Date "2019.10.17"]
[Round "14.2"]
[White "Shimanov, Aleksandr"]
[Black "Popov, Valerij"]
[Result "1-0"]
[WhiteElo "2587"]
[BlackElo "2535"]
[Annotator "ChessBase"]
[PlyCount "118"]
[EventDate "2019.10.17"]
[EventType "swiss"]
[EventCountry "RUS"]
[SourceTitle "playchess.com"]
[Source "ChessBase"]
[SourceQuality "1"]
[TimeControl "180+2"]

1. e4 {[%emt 0:00:00]} e5 {[%emt 0:00:02]} 2. Bc4 {[%emt 0:00:01]} Nf6 {[%emt 0:00:02]} 3. d3 {[%emt 0:00:01]} c6 {[%emt 0:00:01]} 4. Nf3 {[%emt 0:00:02]} d5 {[%emt 0:00:00]} 5. Bb3 {[%emt 0:00:01]} Bd6 {[%emt 0:00:01]} 6. Nc3 {[%emt 0:00:02]} d4 {[%emt 0:00:03]} 7. Ne2 {[%emt 0:00:02]} c5 {[%emt 0:00:08]} 8. O-O {[%emt 0:00:03]} O-O {[%emt 0:00:01]} 9. Bg5 {[%emt 0:00:08]} h6 {[%emt 0:00:12]} 10. Bd2 {[%emt 0:00:02]} Nc6 {[%emt 0:00:04]} 11. Ng3 {[%emt 0:00:04]} a6 {[%emt 0:00:07]} 12. Nh4 {[%emt 0:00:10]} Ne7 {[%emt 0:00:56]} 13. Qc1 {[%emt 0:00:04]} Kh7 {[%emt 0:00:06]} 14. f4 {[%emt 0:00:04]} exf4 {[%emt 0:00:08]} 15. Bxf4 {[%emt 0:00:01]} Ng4 {[%emt 0:00:37]} 16. Bd2 {[%emt 0:01:23]} Ng6 {[%emt 0:00:18]} 17. Nf3 {[%emt 0:00:14]} Qc7 {[%emt 0:00:12]} 18. Qe1 {[%emt 0:00:02]} Be6 {[%emt 0:00:04]} 19. Bxe6 {[%emt 0:00:29]} fxe6 {[%emt 0:00:01]} 20. e5 {[%emt 0:00:12]} N4xe5 {[%emt 0:00:10]} 21. Nxe5 {[%emt 0:00:16]} Bxe5 {[%emt 0:00:00]} 22. Rxf8 {[%emt 0:00:05]} Rxf8 {[%emt 0:00:14]} 23. Nf1 {[%emt 0:00:01]} Qc6 {[%emt 0:00:04]} 24. Qe2 {[%emt 0:00:03]} Bb8 {[%emt 0:00:02]} 25. Re1 {[%emt 0:00:03]} Rf6 {[%emt 0:00:00]} 26. Qe4 {[%emt 0:00:05]} Qxe4 {[%emt 0:00:02]} 27. Rxe4 {[%emt 0:00:01]} b6 {[%emt 0:00:04]} 28. a4 {[%emt 0:00:05]} a5 {[%emt 0:00:02]} 29. Be1 {[%emt 0:00:01]} Ne7 {[%emt 0:00:05]} 30. Nd2 {[%emt 0:00:02]} Nd5 {[%emt 0:00:02]} 31. Nc4 {[%emt 0:00:01]} Kg8 {[%emt 0:00:02]} 32. g3 {[%emt 0:00:02]} Kf7 {[%emt 0:00:01]} 33. Bd2 {[%emt 0:00:02]} Bc7 {[%emt 0:00:01]} 34. Kg2 {[%emt 0:00:01]} Ke7 {[%emt 0:00:02]} 35. Re2 {[%emt 0:00:01]} Kd7 {[%emt 0:00:01]} 36. Re4 Kc6 37. Re2 {[%emt 0:00:03]} Kd7 {[%emt 0:00:02]} 38. Re4 {[%emt 0:00:01]} Rf5 {[%emt 0:00:02]} 39. Rg4 {[%emt 0:00:02]} g5 {[%emt 0:00:02]} 40. h4 {[%emt 0:00:01]} Nf6 {[%emt 0:00:02]} 41. Kh3 {[%emt 0:00:08]} Nxg4 {[%emt 0:00:02]} 42. Kxg4 {[%emt 0:00:01]} gxh4 {[%emt 0:00:02]} 43. Bf4 {[%emt 0:00:04]} Bxf4 {[%emt 0:00:05]} 44. gxf4 h3 45. Kxh3 {[%emt 0:00:03]} Rxf4 {[%emt 0:00:02]} 46. Nxb6+ {[%emt 0:00:01]} Ke7 {[%emt 0:00:05]} 47. Nc4 {[%emt 0:00:02]} Rf2 {[%emt 0:00:00]} 48. Na3 {[%emt 0:00:01]} Kf6 {[%emt 0:00:03]} 49. Kg3 {[%emt 0:00:00]} Rd2 {[%emt 0:00:01]} 50. Kg4 {[%emt 0:00:03]} Kg6 {[%emt 0:00:01]} 51. Nc4 {[%emt 0:00:02]} Rxc2 {[%emt 0:00:01]} 52. b3 {[%emt 0:00:01]} h5+ {[%emt 0:00:03]} 53. Kh4 {[%emt 0:00:01]} Rc3 {[%emt 0:00:05]} 54. Nxa5 {[%emt 0:00:03]} Rxd3 {[%emt 0:00:00]} 55. Nb7 {[%emt 0:00:01]} Rxb3 {[%emt 0:00:02]} 56. Nxc5 {[%emt 0:00:01]} Ra3 {[%emt 0:00:03]} 57. Nxe6 {[%emt 0:00:04]} d3 {[%emt 0:00:01]} 58. Nf4+ {[%emt 0:00:04]} Kf5 {[%emt 0:00:00]} 59. Nd5 {[%emt 0:00:02]} d2 {[%emt 0:00:03]} 1-0

[Event "RUS-ch Men Blitz 2019"]
[Site "Sochi"]
[Date "2019.10.17"]
[Round "14.3"]
[White "Yudin, Sergei"]
[Black "Grachev, Boris"]
[Result "0-1"]
[WhiteElo "2497"]
[BlackElo "2621"]
[Annotator "TA"]
[PlyCount "61"]
[EventDate "2019.10.17"]
[EventType "swiss"]
[EventCountry "RUS"]
[SourceTitle "playchess.com"]
[Source "ChessBase"]
[SourceQuality "1"]

{[%evp 12,61,13,15,4,0,14,-1,-6,-11,-6,-10,-11,-4,0,0,11,7,0,9,10,20,7,0,14,0,6,-9,33,0,0,-11,-14,-14,-11,-26,-26,-26,-31,-24,-22,-28,-26,-42,-54,-66,0,0,14,28,24,-28]} 1. e4 c5 2. Nf3 e6 3. g3 Nc6 4. Bg2 Nf6 5. Qe2 d6 6. O-O Be7 7. c3 O-O {C00: French: Unusual White 2nd moves} 8. d3 (8. Rd1 b6 9. d4 cxd4 10. cxd4 d5 11. e5 Nd7 12. Nc3 a5 13. a4 Ba6 14. Nb5 Rc8 15. Bd2 {0-1 (52) Kobalia,M (2608)-Grachev,B (2621) Moscow 2019}) 8... Rb8 9. Nbd2 b5 {The position is equal.} 10. Rd1 b4 $146 ({Predecessor:} 10... Qb6 11. h3 a5 12. Kh2 Nd7 13. Ne1 e5 14. Nc2 Ba6 15. Ne3 Qb7 {1-0 (27) Abdelghani,W (1575)-Nguyen,H (1497) FICGS email 2010}) 11. Nc4 bxc3 12. bxc3 Ba6 13. e5 dxe5 14. Nfxe5 Nxe5 15. Nxe5 Bb7 16. Bxb7 Rxb7 17. c4 Qa8 18. Bf4 Rb6 19. Rab1 Rd8 20. h3 h6 21. Nf3 Bd6 22. Be3 Rdb8 23. Rxb6 axb6 24. Rb1 Qc6 25. Rb3 Ra8 26. a3 Bc7 27. d4 Bd6 28. Kh2 Qe4 (28... Nd7 $15) 29. Rxb6 $11 cxd4 {[#] ...Bc5 is the strong threat.} 30. Rxd6 dxe3 31. Qxe3 {[%mdl 32768] Accuracy: White = 34%, Black = 52%. . Loss on time!?} ({White should play} 31. Rd4 Qc6 32. Qxe3) 0-1

[Event "RUS-ch Men Blitz 2019"]
[Site "Sochi"]
[Date "2019.10.17"]
[Round "14.4"]
[White "Savitskiy, Sergey"]
[Black "Drygalov, Andrey"]
[Result "1-0"]
[WhiteElo "2407"]
[BlackElo "2484"]
[Annotator "RC"]
[PlyCount "87"]
[EventDate "2019.10.17"]
[EventType "swiss"]
[EventCountry "RUS"]
[SourceTitle "playchess.com"]
[Source "ChessBase"]
[SourceQuality "1"]
[TimeControl "180+2"]

1. e4 {[%emt 0:00:00]} c5 {[%emt 0:00:00]} 2. Nf3 e6 3. d4 {[%emt 0:00:00]} cxd4 {[%emt 0:00:00]} 4. Nxd4 {[%emt 0:00:01]} a6 {[%emt 0:00:00]} 5. Nc3 {[%emt 0:00:01]} Qc7 {[%emt 0:00:01]} 6. g3 {[%emt 0:00:00]} Bb4 {[%emt 0:00:02]} 7. Bd2 {[%emt 0:00:08]} Nf6 {[%emt 0:00:03]} 8. Bg2 {[%emt 0:00:02]} Nc6 {[%emt 0:00:17]} 9. Nxc6 {[%emt 0:00:02]} dxc6 {[%emt 0:00:04]} 10. O-O {[%emt 0:00:08]} Be7 {[%emt 0:00:05]} 11. e5 {[%emt 0:00:13]} Qxe5 {[%emt 0:00:16]} 12. Re1 {[%emt 0:00:01]} Qc7 {[%emt 0:00:06]} 13. Bf4 {[%emt 0:00:04]} Qd8 {[%emt 0:00:22]} 14. Qf3 {[%emt 0:00:12]} O-O {[%emt 0:00:08]} 15. Rad1 {[%emt 0:00:21]} Nd5 {[%emt 0:00:18]} 16. Ne4 {[%emt 0:00:07]} Qb6 {[%emt 0:00:07]} 17. Bc1 {[%emt 0:00:05]} f5 {[%emt 0:00:17]} 18. Ng5 {[%emt 0:00:11]} Bxg5 {[%emt 0:00:30]} 19. Bxg5 {[%emt 0:00:01]} Qxb2 {[%emt 0:00:02]} 20. c4 {[%emt 0:00:34]} Nf6 {[%emt 0:00:01]} 21. Bf4 {[%emt 0:00:00]} Ne4 {[%emt 0:00:09]} 22. Bc1 {[%emt 0:01:01]} Qxa2 {[%emt 0:00:32]} 23. Qf4 {[%emt 0:00:11]} g5 {[%emt 0:00:17]} 24. Qe3 {[%emt 0:00:04]} h6 {[%emt 0:00:04]} 25. h4 {[%emt 0:00:11]} Qxc4 {[%emt 0:00:01]} 26. Rd4 {[%emt 0:00:05]} Qc3 {[%emt 0:00:02]} 27. Rxe4 {[%emt 0:00:02]} Qxe3 {[%emt 0:00:03]} 28. R4xe3 {[%emt 0:00:00]} Kg7 {[%emt 0:00:02]} 29. Rd3 {[%emt 0:00:04]} Kg6 {[%emt 0:00:03]} 30. hxg5 {[%emt 0:00:01]} hxg5 {[%emt 0:00:01]} 31. Rd6 {[%emt 0:00:02]} a5 {[%emt 0:00:01]} 32. Ba3 {[%emt 0:00:01]} Re8 {[%emt 0:00:01]} 33. f4 {[%emt 0:00:03]} a4 {[%emt 0:00:04]} 34. Bf1 {[%emt 0:00:01]} Ra5 {[%emt 0:00:02]} 35. Bc4 {[%emt 0:00:03]} gxf4 {[%emt 0:00:01]} 36. gxf4 {[%emt 0:00:01]} Kf7 {[%emt 0:00:03]} 37. Bb4 {[%emt 0:00:03]} Ra8 {[%emt 0:00:01]} 38. Ba3 {[%emt 0:00:01]} Ra5 {[%emt 0:00:00]} 39. Kf2 {[%emt 0:00:01]} b5 {[%emt 0:00:04]} 40. Ba2 {[%emt 0:00:01]} Ra7 {[%emt 0:00:04]} 41. Rh1 {[%emt 0:00:03]} Kg6 {[%emt 0:00:02]} 42. Rd3 {[%emt 0:00:03]} e5 {[%emt 0:00:04]} 43. Rg3+ Kf6 44. Rh6# {[%emt 0:00:03]} 1-0

[Event "RUS-ch Men Blitz 2019"]
[Site "Sochi"]
[Date "2019.10.17"]
[Round "14.5"]
[White "Lysyj, Igor"]
[Black "Savchenko, Boris"]
[Result "1/2-1/2"]
[WhiteElo "2596"]
[BlackElo "2581"]
[Annotator "ChessBase"]
[PlyCount "138"]
[EventDate "2019.10.17"]
[EventType "swiss"]
[EventCountry "RUS"]
[SourceTitle "playchess.com"]
[Source "ChessBase"]
[SourceQuality "1"]
[TimeControl "180+2"]

1. d4 {[%emt 0:00:00]} Nf6 {[%emt 0:00:00]} 2. c4 {[%emt 0:00:00]} g6 {[%emt 0:00:00]} 3. Nc3 {[%emt 0:00:01]} d5 {[%emt 0:00:00]} 4. cxd5 {[%emt 0:00:04]} Nxd5 {[%emt 0:00:02]} 5. e4 {[%emt 0:00:01]} Nxc3 {[%emt 0:00:00]} 6. bxc3 {[%emt 0:00:02]} Bg7 {[%emt 0:00:02]} 7. Bg5 {[%emt 0:00:01]} c5 {[%emt 0:00:01]} 8. Rc1 {[%emt 0:00:01]} Qa5 {[%emt 0:00:07]} 9. Qd2 {[%emt 0:00:02]} h6 {[%emt 0:00:08]} 10. Be3 {[%emt 0:00:01]} cxd4 {[%emt 0:00:14]} 11. cxd4 {[%emt 0:00:02]} Nc6 {[%emt 0:00:01]} 12. Qxa5 {[%emt 0:00:53]} Nxa5 {[%emt 0:00:02]} 13. Nf3 {[%emt 0:00:02]} b6 {[%emt 0:00:25]} 14. Bb5+ {[%emt 0:00:12]} Bd7 {[%emt 0:00:06]} 15. Ba6 {[%emt 0:00:00]} O-O {[%emt 0:00:08]} 16. O-O {[%emt 0:00:20]} Bc8 {[%emt 0:00:12]} 17. Bd3 {[%emt 0:00:05]} Rd8 {[%emt 0:00:16]} 18. Rc7 {[%emt 0:00:12]} Bg4 {[%emt 0:00:05]} 19. d5 {[%emt 0:00:31]} e6 {[%emt 0:00:01]} 20. Rfc1 {[%emt 0:00:10]} exd5 {[%emt 0:00:11]} 21. exd5 {[%emt 0:00:01]} Rac8 {[%emt 0:00:04]} 22. Rxc8 {[%emt 0:00:08]} Rxc8 {[%emt 0:00:02]} 23. Rxc8+ {[%emt 0:00:07]} Bxc8 {[%emt 0:00:02]} 24. Nd4 {[%emt 0:00:10]} Kf8 {[%emt 0:00:28]} 25. Nb5 {[%emt 0:00:12]} Ba6 {[%emt 0:00:02]} 26. Bf4 {[%emt 0:00:07]} Ke7 {[%emt 0:00:19]} 27. Kf1 {[%emt 0:00:02]} Nb7 {[%emt 0:00:05]} 28. Be2 {[%emt 0:00:08]} Bxb5 {[%emt 0:00:12]} 29. Bxb5 {[%emt 0:00:01]} Nd6 {[%emt 0:00:01]} 30. Bd3 {[%emt 0:00:03]} h5 {[%emt 0:00:05]} 31. Ke2 {[%emt 0:00:03]} Bd4 {[%emt 0:00:01]} 32. a4 {[%emt 0:00:03]} Nb7 {[%emt 0:00:02]} 33. Bb8 {[%emt 0:00:04]} a5 {[%emt 0:00:04]} 34. Bf4 {[%emt 0:00:03]} Bc5 {[%emt 0:00:04]} 35. f3 {[%emt 0:00:03]} Bd6 {[%emt 0:00:02]} 36. Bg5+ {[%emt 0:00:01]} Ke8 {[%emt 0:00:03]} 37. Bb5+ {[%emt 0:00:02]} Kf8 {[%emt 0:00:01]} 38. g3 {[%emt 0:00:02]} Be7 {[%emt 0:00:02]} 39. Be3 {[%emt 0:00:02]} Bc5 {[%emt 0:00:01]} 40. Bg5 {[%emt 0:00:02]} Be7 {[%emt 0:00:01]} 41. Bh6+ {[%emt 0:00:01]} Kg8 {[%emt 0:00:01]} 42. Be3 {[%emt 0:00:02]} Bc5 {[%emt 0:00:01]} 43. Bg5 {[%emt 0:00:03]} Kf8 {[%emt 0:00:02]} 44. g4 {[%emt 0:00:02]} Nd6 {[%emt 0:00:05]} 45. Bc6 {[%emt 0:00:03]} hxg4 {[%emt 0:00:03]} 46. fxg4 {[%emt 0:00:01]} Ne4 {[%emt 0:00:01]} 47. Bc1 {[%emt 0:00:05]} Be7 {[%emt 0:00:07]} 48. h3 {[%emt 0:00:03]} f6 {[%emt 0:00:06]} 49. Bh6+ {[%emt 0:00:03]} Kf7 {[%emt 0:00:01]} 50. Bc1 {[%emt 0:00:03]} g5 {[%emt 0:00:04]} 51. Kf3 {[%emt 0:00:03]} Nc5 {[%emt 0:00:03]} 52. Be3 {[%emt 0:00:02]} Bd6 {[%emt 0:00:00]} 53. Bd4 {[%emt 0:00:01]} Ke7 {[%emt 0:00:01]} 54. Bf2 {[%emt 0:00:02]} Be5 {[%emt 0:00:01]} 55. h4 {[%emt 0:00:03]} gxh4 {[%emt 0:00:03]} 56. Bxh4 {[%emt 0:00:01]} Kd6 {[%emt 0:00:03]} 57. Bf2 {[%emt 0:00:02]} Kc7 {[%emt 0:00:02]} 58. Be3 {[%emt 0:00:02]} Kd6 {[%emt 0:00:01]} 59. Bf2 {[%emt 0:00:01]} Kc7 {[%emt 0:00:01]} 60. Be3 {[%emt 0:00:01]} Kd6 {[%emt 0:00:01]} 61. Ke2 {[%emt 0:00:06]} Kc7 {[%emt 0:00:03]} 62. g5 {[%emt 0:00:03]} fxg5 {[%emt 0:00:02]} 63. Bxg5 {[%emt 0:00:01]} Kd6 {[%emt 0:00:04]} 64. Bd8 {[%emt 0:00:01]} Nxa4 {[%emt 0:00:06]} 65. Bxa4 {[%emt 0:00:04]} Kxd5 {[%emt 0:00:01]} 66. Bxb6 {[%emt 0:00:01]} Ke6 {[%emt 0:00:02]} 67. Bxa5 {[%emt 0:00:02]} Kf6 {[%emt 0:00:00]} 68. Kd3 {[%emt 0:00:01]} Kg7 {[%emt 0:00:01]} 69. Ke4 {[%emt 0:00:00]} Ba1 {[%emt 0:00:01]} 1/2-1/2

[Event "RUS-ch Men Blitz 2019"]
[Site "Sochi"]
[Date "2019.10.17"]
[Round "14.6"]
[White "Pridorozhni, Aleksei"]
[Black "Tsydypov, Zhamsaran"]
[Result "0-1"]
[WhiteElo "2599"]
[BlackElo "2553"]
[Annotator "TA"]
[PlyCount "82"]
[EventDate "2019.10.17"]
[EventType "swiss"]
[EventCountry "RUS"]
[SourceTitle "playchess.com"]
[Source "ChessBase"]
[SourceQuality "1"]

{[%evp 9,82,2,57,0,14,6,42,27,60,37,53,13,8,11,15,0,0,10,45,0,0,0,0,0,0,0,22,18,61,60,51,57,48,-16,38,12,47,0,112,97,204,183,336,336,336,336,405,405,433,372,333,370,367,366,295,268,260,183,182,182,216,68,68,68,70,0,0,0,0,0,0,-5539,-5427,-29985,-29986]} 1. e4 c5 2. Nc3 d6 3. f4 a6 4. d4 cxd4 5. Qxd4 b5 ({Black should try} 5... e5 $11 6. Qd2 Nc6) 6. Nf3 {B23: Closed Sicilian: Lines without g3} (6. a4 $14 Nc6 7. Qd5 {[%mdl 64] Double Attack}) 6... Bb7 7. Bd3 Nc6 $146 ({Predecessor:} 7... e6 8. Bd2 Nf6 9. O-O Nbd7 10. b4 Qb6 11. a4 bxa4 12. Qxb6 Nxb6 {1-0 (23) Lobron,E (2555)-Andruet,G (2420) Marseille 1989}) 8. Qf2 {White is slightly better.} g6 9. O-O Bg7 10. Be3 Nf6 11. h3 O-O 12. Rae1 Rc8 13. f5 b4 14. Nd5 Nxd5 $1 15. exd5 Ne5 16. Nxe5 dxe5 17. Be4 Bxd5 (17... Rc4 {looks sharper.} 18. Qf3 a5 19. Rd1 Qd6 20. Rd2 a4) 18. Rd1 Bxe4 19. Rxd8 Rfxd8 20. fxg6 Bxg6 21. Rc1 (21. Qh4 $14) 21... f5 (21... e4 $11) 22. c4 f4 (22... bxc3 $5 23. Rxc3 Rxc3 24. bxc3 f4 $15) 23. Bb6 Rd6 (23... Rd3 $11) 24. Bc5 $16 Rdc6 (24... Re6 $16) 25. Bxe7 $18 Rxc4 $2 (25... e4 26. b3 (26. Bxb4 Rxc4 27. Rxc4 Rxc4 $16) (26. Qxf4 Bxb2 27. Rd1 Rxc4 $16) 26... Bc3) 26. Rxc4 Rxc4 27. Qb6 Rc1+ 28. Kh2 Rc2 29. Qd8+ Kf7 30. Bh4 ({And not} 30. Bxb4 Be4 $11) 30... h6 31. Qd5+ Kf8 32. Qe6 {Threatening mate with Be7+.} Bf7 33. Qd6+ Kg8 34. Bf6 f3 35. Bxg7 ({Only move:} 35. Qd8+ $18 Kh7 36. Qd3+ {[%mdl 64] Double Attack} Bg6 37. Qxf3 Bxf6 38. Qxf6 {[%mdl 64] Double Attack}) 35... Rxg2+ $14 {[%mdl 64] [#] Double Attack} 36. Kh1 Rxg7 37. Qb8+ ({Better is} 37. Qd8+ $14 Kh7 38. Qd3+ {[%mdl 64] Double Attack} Rg6 39. Qxf3 Bxa2 40. Qb7+ Kg8 41. Kh2) 37... Kh7 $11 {( -> ...f2)} 38. Qxe5 Rg5 (38... f2 $5 39. Qf5+ $8 {[%mdl 64] Double Attack} Bg6 40. Qxf2 Be4+ 41. Kh2 Rg2+ 42. Qxg2 Bxg2 43. Kxg2 Kg6 $11) 39. Qe4+ Kg8 {And now ...f2 would win.} 40. h4 $2 {[%mdl 8192] [#]} (40. Qf4 $11) 40... f2 $1 $19 {[%mdl 512]} 41. Qf4 Rg1+ {Accuracy: White = 41%, Black = 43%.} 0-1

[Event "RUS-ch Men Blitz 2019"]
[Site "Sochi"]
[Date "2019.10.17"]
[Round "14.7"]
[White "Sakaev, Konstantin"]
[Black "Rublevsky, Sergei"]
[Result "0-1"]
[WhiteElo "2595"]
[BlackElo "2651"]
[Annotator "TA"]
[PlyCount "52"]
[EventDate "2019.10.17"]
[EventType "swiss"]
[EventCountry "RUS"]
[SourceTitle "playchess.com"]
[Source "ChessBase"]
[SourceQuality "1"]

{[%evp 18,52,0,0,0,0,0,0,0,3,56,23,133,10,20,16,42,10,39,0,4,-60,-69,-213,-214,-300,-315,-316,-229,-1241,-1230,-1420,-1403,-2640,-2581,-3022,-3029]} 1. d4 d5 2. Nf3 Nf6 3. c4 c6 4. Nc3 dxc4 5. a4 e6 6. e4 Bb4 7. e5 Nd5 8. Bd2 b5 9. axb5 Bxc3 10. bxc3 cxb5 {D31: Queen's Gambit Declined: Semi-Slav without ...Nf6 (+ Marshall Gambit and Noteboom) and Exchange Variation lines without ...Nf6} 11. Ng5 Nc6 12. Qh5 {[%csl Gg5][%cal Rh5f7]} Qe7 $1 {The position is equal.} 13. h4 g6 (13... b4 $11 14. Qf3 bxc3 15. Bxc3 Ncb4) 14. Qf3 {Ne4 is the strong threat.} f5 (14... f6 $1 $11 15. exf6 Qxf6) 15. exf6 (15. h5 $16 Qg7 16. Qh3) 15... Qxf6 $11 16. Qg3 {And now Ne4 would win.} e5 $146 ({Predecessor:} 16... O-O 17. h5 e5 18. Nxh7 Kxh7 {0-1 (40) Jobava,B (2640)-Ivanov,V (2463) Bad Zwesten 2005}) 17. Ne4 {[%mdl 1024] White has compensation.} Qe6 18. Nc5 Qf5 19. h5 (19. Be2 $11 O-O 20. Bf3 exd4 21. Qd6) 19... O-O $15 (19... gxh5 20. Be2 $18) 20. Bh6 {[#]} (20. dxe5 $15 Qxe5+ 21. Qxe5 Nxe5 22. hxg6) 20... Re8 $1 $19 ({But not} 20... exd4 21. Bxf8 Qxf8 22. hxg6 $17) 21. O-O-O (21. Be2 {might work better.} exd4 22. Kf1 Rxe2 23. Kxe2 Qc2+ 24. Kf1 Qxc3 25. Re1 Qxg3 26. Re8+ Kf7 27. Rf8+ Ke7 28. fxg3) 21... exd4 22. hxg6 Qxg6 $40 {[%mdl 128] Black is out for blood.} 23. Qf3 $2 (23. Rh5 Qxg3 24. fxg3 Nxc3 25. Rg5+ Kf7 {[#]} 26. Bxc4+ $1 {[%mdl 512]} bxc4 27. Rg7+ Kf6 28. Rf1+ Ke5 29. Re1+ Kd6 30. Rxe8 Kxc5 31. Rgg8) 23... Nxc3 {( -> ...Qb1+). Black is clearly winning.} 24. Bd3 cxd3 25. Rxd3 Bg4 26. Qf4 Ne2+ {[%mdl 64] Double Attack. Accuracy: White = 27%, Black = 58%.} 0-1